[Event "Continental op 48th"]
[Site "Sturbridge"]
[Date "2018.08.17"]
[Round "3"]
[White "Luo, Ryan"]
[Black "Poliannikov, Danila"]
[Result "0-1"]
[WhiteElo "1805"]
[BlackElo "1994"]
[PlyCount "92"]
[EventDate "2018.08.16"]
[EventType "swiss"]
[EventRounds "9"]
[EventCountry "USA"]
[SourceTitle "CBM 186 Extra"]
[Source "ChessBase"]
[SourceDate "2018.08.24"]
[SourceVersion "1"]
[SourceVersionDate "2018.08.24"]
[SourceQuality "1"]

1. d4 Nf6 2. c4 c5 3. d5 e6 4. Nc3 exd5 5. cxd5 d6 6. Nf3 g6 7. g3 Bg7 8. Bg2 0-0 9. 0-0 Re8 10. Nd2 b6 11. Re1 Ba6 12. a4 Nbd7 13. Qc2 Ne5 14. h3 Nd3 15. Rd1 Nxc1 16. Raxc1 Bxe2 17. Nxe2 Rxe2 18. Qd3 Re7 19. Nc4 Nd7 20. Qd2 Ne5 21. Ne3 Re8 22. Re1 Qf6 23. f4 Nd7 24. Nc4 a6 25. Qc3 Qd8 26. Rxe8+ Qxe8 27. Qb3 Qe7 28. Kh2 Rb8 29. Qc2 b5 30. Na5 Qe3 31. Nc6 Re8 32. axb5 axb5 33. Ra1 Nf6 34. Ra3 Qe1 35. Qb3 Qf2 36. Qf3 Qxb2 37. Ra7 h5 38. f5 g5 39. Ne7+ Kh7 40. Qe3 Bf8 41. g4 Nxd5 42. Qxg5 Qe5+ 43. Kh1 Bxe7 44. Qxh5+ Kg7 45. g5 Qxf5 46. Qh6+ Kg8 0-1

[Event "Eastern op 44th"]
[Site "Tysons"]
[Date "2017.12.29"]
[Round "4"]
[White "De Fotis, Gary"]
[Black "Luo, Ryan"]
[Result "0-1"]
[WhiteElo "1957"]
[BlackElo "1785"]
[PlyCount "101"]
[EventDate "2017.12.27"]
[EventType "swiss"]
[EventRounds "7"]
[EventCountry "USA"]
[SourceTitle "CBM 182 Extra"]
[Source "ChessBase"]
[SourceDate "2018.02.23"]
[SourceVersion "1"]
[SourceVersionDate "2018.02.23"]
[SourceQuality "1"]

1. d4 Nf6 2. c4 g6 3. g3 Bg7 4. Bg2 0-0 5. Nc3 d6 6. Nf3 c5 7. 0-0 Nc6 8. d5 Na5 9. Nd2 a6 10. Qc2 Rb8 11. b3 b5 12. Bb2 e6 13. e4 exd5 14. cxd5 Bd7 15. Nd1 Rc8 16. Ne3 Ng4 17. Nxg4 Bxg4 18. Bxg7 Kxg7 19. Qc3+ Kg8 20. Rae1 Bd7 21. f4 b4 22. Qb2 Bb5 23. Rf3 Qd7 24. Rfe3 c4 25. bxc4 Nxc4 26. Nxc4 Rxc4 27. e5 Rfc8 28. e6 fxe6 29. dxe6 Qe7 30. Bd5 R4c5 31. Qd4 Bc4 32. Bxc4 Rxc4 33. Qb6 R8c6 34. Qa5 Rc3 35. Qxb4 Rxe3 36. Qb8+ Kg7 37. Rxe3 Rc1+ 38. Kf2 Rc2+ 39. Kf3 Rc7 40. Qb6 Ra7 41. Rd3 Rb7 42. Qxd6 Qe8 43. Qxa6 Re7 44. Re3 Kf6 45. Qa5 Rxe6 46. Rxe6+ Qxe6 47. Qe5+ Qxe5 48. fxe5+ Kxe5 49. a4 Kd6 50. Kf4 h6 51. a5 0-1